Представление документа в формате RUSMARC

ПолеНазваниеЗначение
  Тип записи a
  Библиографический уровень m
001 Контрольный номер RU/CBS_UL/BASE/6a1674616eb84928b30f28f7d8e93cb0
005 Дата корректировки 20260330134654.5
101 Язык документа __
a Язык текста rus
102 Страна публикации __
a Страна публикации RU
200 Заглавие и сведения об ответственности 0_
a Заглавие № 66 (30 март.)
210 Выходные данные __
d Дата издания 2026
461 Уровень набора __
1 2001
a Российская газета
v № 66 (30 март.)
1 210
d 2026
801 Источник записи __
a Страна RU
b Организация МБУК ЦБС г. Ульяновска
g Правила каталогизации RCR
901 Тип документа __
w Контрольный № источника RU/IS/BASE/404909273
t Тип документа h
909 Создатель записи __
a Создатель записи mbo